000 00763nam a2200205 a 4500
001 000026267
005 20200930024438.0
008 110308s1970 dr a 000 0 spa d
040 _aDO-SdBNP
_bspa
_cBNPHU
082 _a305.5633
_bP438p
100 1 _aPérez Peña, Raúl
_943350
245 1 3 _aEl proletariado agrícola :
_bfuerza fundamental de la revolución dominicana /
_cRaúl Pérez Peña.
260 _aSanto Domingo :
_bEdiciones 1917,
_c1970.
300 _a40 p. :
_bil. ;
_c15 cm.
590 _aInventariado, 2018/BT
650 4 _aTrabajadores agrícolas
_zRepública Dominicana
_98414
650 4 _aTrabajadores agrícolas
_xActividad política
_953298
650 4 _aComunismo
_zRepública Dominicana
_944646
910 _aValidado. Control de calidad. MFF
999 _c25759
_d25759